KATSEYE Discography - Statistics

General Stats
  • This quiz has been taken 210 times
    87 since last reset
  • The average score is 9 of 10
Answer Stats
Answer % Correct
Gabriela
97%
Gnarly
96%
M.I.A
95%
Touch
95%
Debut
93%
Gameboy
92%
I'm Pretty
86%
Mean Girls
85%
Tonight I Might
82%
My Way
81%
No matching quizzes found
Score Distribution
Percent of People with Each Score
Percentile by Number Answered
Your Score History
You have not taken this quiz since the last reset